[Event "10. Lovsprings EMT Basis 3 1998"]
[Site "Ringsted"]
[Date "1998.04.17"]
[Round "4"]
[White "Astrup, Knud"]
[Black "Abdi, Farhad"]
[Result "1-0"]
[WhiteElo "1243"]
[BlackElo "1006"]
[PlyCount "151"]
[EventDate "1998.??.??"]

1. f4 d6 2. Nf3 Nc6 3. e3 a6 4. b3 Nf6 5. Bb2 g6 6. Bxf6 exf6 7. Be2 Bg7 8. d4
O-O 9. O-O f5 10. Na3 Nb4 11. Qd2 Nd5 12. c4 Ne7 13. Rad1 d5 14. Rfe1 Qd6 15.
c5 Qf6 16. Bf1 Nc6 17. Nc2 Re8 18. a3 Qd8 19. b4 f6 20. Ra1 Na7 21. a4 c6 22.
Na3 Bf8 23. b5 cxb5 24. axb5 Re6 25. b6 Nc6 26. Nb5 Re7 27. Nc3 Be6 28. g3 Rg7
29. Bg2 g5 30. h3 Qd7 31. Kf2 Rd8 32. Rh1 Rg6 33. Ne2 Kh8 34. Nc1 Rg7 35. Nd3
Rg8 36. Rh2 Bg7 37. Rah1 Bh6 38. Qe2 Qf7 39. Ng1 Rg7 40. Bf3 Qe7 41. Nb2 Na5
42. Qc2 Qe8 43. Ne2 Re7 44. Nc3 Nc4 45. Nxc4 dxc4 46. Re1 Qf7 47. c6 bxc6 48.
Bxc6 Bd7 49. Bf3 Bc8 50. Rb1 Bb7 51. Bxb7 Rxb7 52. Qxf5 Qg6 53. Qxg6 hxg6 54.
Kf3 Kg7 55. Rc2 Rd6 56. Na4 Rc6 57. Rb4 c3 58. Rxc3 Rxc3 59. Nxc3 Kf7 60. Ke4
Ke6 61. d5+ Kd6 62. Na4 Bf8 63. Rc4 f5+ 64. Kd4 Bg7+ 65. Kd3 Kxd5 66. Rc7 Rb8
67. Rxg7 gxf4 68. gxf4 Kc6 69. Rxg6+ Kb5 70. Nc3+ Kc5 71. h4 a5 72. h5 Kb4 73.
h6 Rd8+ 74. Kc2 a4 75. h7 a3 76. Rg8 1-0

[Event "10. Lovsprings EMT Basis 3 1998"]
[Site "Ringsted"]
[Date "1998.04.17"]
[Round "4"]
[White "Christensen, Michael"]
[Black "Dinesen, Henrik"]
[Result "1/2-1/2"]
[WhiteElo "1189"]
[BlackElo "1117"]
[PlyCount "30"]
[EventDate "1998.??.??"]

1. e4 c6 2. b3 d5 3. exd5 cxd5 4. Nf3 Nc6 5. g3 Bg4 6. Bg2 Nf6 7. O-O e5 8. Qe1
Bd6 9. Ba3 O-O 10. Bxd6 Qxd6 11. Nc3 Bxf3 12. Bxf3 Nd4 13. Qd1 Nxf3+ 14. Qxf3
e4 15. Qe2 Qd7 1/2-1/2

[Event "10. Lovsprings EMT Basis 3 1998"]
[Site "Ringsted"]
[Date "1998.04.17"]
[Round "4"]
[White "Hansen, Arne Mandrup"]
[Black "Reinager, Gunnar"]
[Result "0-1"]
[WhiteElo "1214"]
[BlackElo "1283"]
[PlyCount "100"]
[EventDate "1998.??.??"]

1. d4 d5 2. Bf4 Nf6 3. e3 b6 4. Nf3 e6 5. Nbd2 c5 6. c4 Bb7 7. Ne5 Be7 8. Qa4+
Nbd7 9. O-O-O Qc8 10. Kb1 a6 11. Ndf3 Ne4 12. Qxd7+ Qxd7 13. Nxd7 Kxd7 14. Ne5+
Ke8 15. Bg3 f6 16. Nf3 Kd7 17. Rc1 g5 18. Bd3 h5 19. h4 g4 20. Ng1 Nxg3 21.
fxg3 dxc4 22. Bxc4 Bxg2 23. Rh2 Be4+ 24. Ka1 b5 25. Bf1 cxd4 26. exd4 Rac8 27.
Ne2 Rxc1+ 28. Nxc1 Rc8 29. Nb3 Bd6 30. Rd2 Rc2 31. Rd1 Ke7 32. Bd3 Bxd3 33.
Rxd3 Rg2 34. a3 Bxg3 35. d5 Be5 36. Nd2 Bf4 37. Nb3 Rg3 38. Rxg3 Bxg3 39. dxe6
Bxh4 40. Nd4 Be1 41. Nf5+ Kxe6 42. Ne3 g3 43. Kb1 Bd2 44. Ng2 Ke5 45. Kc2 Bg5
46. Kd3 h4 47. Ne1 h3 48. Nf3+ Kf4 49. Ng1 h2 50. Nh3+ Kf3 0-1

[Event "10. Lovsprings EMT Basis 3 1998"]
[Site "Ringsted"]
[Date "1998.04.17"]
[Round "4"]
[White "Hansen, Steen J"]
[Black "Christensen, Knud"]
[Result "1-0"]
[WhiteElo "1288"]
[BlackElo "1285"]
[PlyCount "53"]
[EventDate "1998.??.??"]

1. e4 e5 2. Nc3 Nf6 3. Bc4 Be7 4. a3 O-O 5. d3 c6 6. Nf3 d6 7. Be3 Bg4 8. h3
Bh5 9. Qe2 d5 10. exd5 cxd5 11. g4 Bxg4 12. hxg4 dxc4 13. Nxe5 cxd3 14. Nxd3
Nd5 15. Nxd5 Qxd5 16. Rh5 Qd8 17. O-O-O Bf6 18. g5 Qa5 19. gxf6 Qa6 20. fxg7
Re8 21. Rdh1 Qg6 22. Nf4 Qxg7 23. Qb5 Nc6 24. Rg5 Re5 25. Rxg7+ Kxg7 26. Rg1+
Kf6 27. Qxb7 1-0

[Event "10. Lovsprings EMT Basis 3 1998"]
[Site "Ringsted"]
[Date "1998.04.17"]
[Round "4"]
[White "Karie, Abdullahi M"]
[Black "Petersen, Jimmy"]
[Result "1-0"]
[WhiteElo "1093"]
[BlackElo "1100"]
[PlyCount "91"]
[EventDate "1998.??.??"]

1. d4 d5 2. Nf3 h6 3. e3 Bf5 4. Be2 c6 5. b3 e6 6. O-O Bd6 7. Bb2 Qc7 8. Ne5
Nd7 9. f4 Ne7 10. c4 c5 11. Nd2 O-O 12. Rc1 cxd4 13. Bxd4 Nxe5 14. cxd5 Qb8 15.
fxe5 Bxe5 16. Bxe5 Qxe5 17. Nc4 Qxd5 18. Qxd5 Nxd5 19. Bf3 Bg6 20. e4 Ne7 21.
Ne5 Rac8 22. Rcd1 Rcd8 23. Rc1 Rc8 24. Nc4 f6 25. Nd6 Rxc1 26. Rxc1 b6 27. Rc7
Rd8 28. Rxe7 Rxd6 29. Rxa7 Rd4 30. Rb7 Rb4 31. Kf2 e5 32. Ke3 f5 33. exf5 Bxf5
34. Bd5+ Kh7 35. Bc4 b5 36. Rxb5 Rxb5 37. Bxb5 Kg6 38. Bd3 Bxd3 39. Kxd3 Kf5
40. Ke3 Ke6 41. Ke4 g5 42. a4 Kd6 43. b4 h5 44. b5 g4 45. b6 Kc6 46. a5 1-0

[Event "10. Lovsprings EMT Basis 3 1998"]
[Site "Ringsted"]
[Date "1998.04.17"]
[Round "4"]
[White "Nielsen, Henrik"]
[Black "Vilsgaard, Lars"]
[Result "0-1"]
[WhiteElo "1166"]
[BlackElo "1136"]
[PlyCount "132"]
[EventDate "1998.??.??"]

1. e4 e5 2. Nf3 Nc6 3. Bb5 d6 4. d4 Bd7 5. d5 Nb8 6. Bxd7+ Nxd7 7. Be3 Ngf6 8.
Nbd2 Be7 9. O-O O-O 10. h3 h6 11. c4 Nh7 12. Nb1 Ng5 13. Nxg5 Bxg5 14. Qd2 Nc5
15. Nc3 a6 16. f4 Bf6 17. b3 exf4 18. Bxf4 Bxc3 19. Qxc3 Nxe4 20. Qd4 Re8 21.
Rae1 Nc5 22. Bd2 b6 23. Bc3 Qg5 24. Bd2 Qg6 25. Rf3 Rxe1+ 26. Bxe1 Re8 27. Bc3
Re4 28. Qd2 Re7 29. Qd4 f6 30. Qd1 Qe4 31. Bb4 Nb7 32. Rf1 Qe2 33. Qd2 Qxd2 34.
Bxd2 Re2 35. Rf2 Re7 36. Kf1 Nc5 37. Bc3 Ne4 38. Rc2 Kf7 39. Bb2 Nc5 40. Rd2
Ne4 41. Rc2 Nc5 42. Rd2 Re3 43. Bd4 Rd3 44. Rxd3 Nxd3 45. Be3 Nb4 46. a3 Nc2
47. Bc1 Nd4 48. b4 Nb3 49. Be3 Na1 50. Ke2 Nc2 51. Bc1 Nd4+ 52. Kd3 Nf5 53. Bf4
g5 54. Bd2 Kg6 55. g4 Nh4 56. Ke4 f5+ 57. gxf5+ Nxf5 58. Kf3 Nd4+ 59. Kg2 h5
60. c5 bxc5 61. bxc5 dxc5 62. Ba5 Nf5 63. Bxc7 Ne3+ 64. Kf2 Nxd5 65. Bd6 c4 66.
Ke2 Nf4+ 0-1

[Event "10. Lovsprings EMT Basis 3 1998"]
[Site "Ringsted"]
[Date "1998.04.17"]
[Round "4"]
[White "Rytter, Morten"]
[Black "Hein, Jacob"]
[Result "1-0"]
[WhiteElo "1267"]
[BlackElo "1285"]
[PlyCount "89"]
[EventDate "1998.??.??"]

1. e4 e5 2. Nf3 Nf6 3. Nc3 d6 4. Bc4 c6 5. d3 a5 6. a4 Bg4 7. O-O Be7 8. Be3
Qd7 9. Nb1 h5 10. h3 Bxh3 11. Bxf7+ Kf8 12. Ng5 Ng4 13. Be6 Qd8 14. Nxh3 Nxe3
15. fxe3+ Ke8 16. Bf7+ Kd7 17. Bxh5 Bf6 18. d4 Qb6 19. dxe5 Qxe3+ 20. Kh1 Bxe5
21. Nc3 Kc7 22. Qe1 Qh6 23. Be2 Nd7 24. Rf3 Raf8 25. Rxf8 Qxh3+ 26. gxh3 Rxh3+
27. Kg2 Rh2+ 28. Kg1 Nxf8 29. Bg4 Nh7 30. Ne2 Ng5 31. Nc3 Rxc2 32. Nd1 b6 33.
Ne3 Bd4 34. Kh1 Rxb2 35. Rd1 Bc5 36. Rd2 Bb4 37. Nc4 Rc2 38. Qf1 Bxd2 39. Nxd2
Rxd2 40. Qf4 Nxe4 41. Qxe4 Rd5 42. Qe7+ Kb8 43. Qd8+ Kb7 44. Qc8+ Ka7 45. Qc7+
1-0

[Event "10. Lovsprings EMT Basis 3 1998"]
[Site "Ringsted"]
[Date "1998.04.17"]
[Round "4"]
[White "Vintersfjord, Inette"]
[Black "Nielsen, Poul"]
[Result "0-1"]
[WhiteElo "1042"]
[BlackElo "1175"]
[PlyCount "56"]
[EventDate "1998.??.??"]

1. e4 c5 2. Bc4 e6 3. Nc3 g6 4. d3 Bg7 5. Nb5 Qb6 6. Bf4 e5 7. Be3 a6 8. Qf3 f6
9. Bxg8 Rxg8 10. Nc3 Qxb2 11. Rc1 Qxc3+ 12. Bd2 Qb2 13. a4 Nc6 14. Ne2 Nd4 15.
Nxd4 cxd4 16. Qh3 h5 17. O-O Qa2 18. a5 d6 19. Rfd1 Bxh3 20. gxh3 Qe6 21. Kg2
Rc8 22. c3 dxc3 23. Bxc3 Qb3 24. Bd2 Rxc1 25. Bxc1 Qxd1 26. Ba3 Qxd3 27. Bb4
Qxe4+ 28. Kg3 h4# 0-1

[Event "10. Lovsprings EMT Basis 3 1998"]
[Site "Ringsted"]
[Date "1998.04.24"]
[Round "5"]
[White "Abdi, Farhad"]
[Black "Nielsen, Poul"]
[Result "1-0"]
[WhiteElo "1006"]
[BlackElo "1175"]
[PlyCount "101"]
[EventDate "1998.??.??"]

1. e4 c5 2. Nf3 e6 3. Bc4 g6 4. O-O Bg7 5. c3 Ne7 6. Re1 O-O 7. d3 Nec6 8. Nbd2
Na5 9. Bb3 b6 10. Nc4 Nac6 11. d4 d5 12. exd5 exd5 13. Nce5 Nxe5 14. dxe5 c4
15. Ba4 Na6 16. Bc6 Rb8 17. Qxd5 Qxd5 18. Bxd5 Nc5 19. Bxc4 Bg4 20. h3 Bxf3 21.
gxf3 b5 22. Bb3 Nd3 23. Re2 Nxe5 24. Bf4 Rbe8 25. Kg2 Nd3 26. Rxe8 Rxe8 27. Be3
a5 28. a4 b4 29. cxb4 Bxb2 30. Rd1 Nxb4 31. Bb6 Re5 32. Rd7 Rg5+ 33. Kf1 Rf5
34. Ke2 Nc6 35. Rd5 Re5+ 36. Rxe5 Bxe5 37. Bc4 Nd4+ 38. Ke3 Nf5+ 39. Ke4 Nd6+
40. Kd5 Nxc4 41. Kxc4 Bb8 42. Kb5 h5 43. Kxa5 g5 44. Kb5 f5 45. a5 g4 46. fxg4
hxg4 47. hxg4 fxg4 48. a6 Kf7 49. Kc6 g3 50. fxg3 Bxg3 51. a7 1-0

[Event "10. Lovsprings EMT Basis 3 1998"]
[Site "Ringsted"]
[Date "1998.04.24"]
[Round "5"]
[White "Christensen, Knud"]
[Black "Nielsen, Henning"]
[Result "1-0"]
[WhiteElo "1285"]
[BlackElo "1100"]
[PlyCount "77"]
[EventDate "1998.??.??"]

1. Nf3 Nc6 2. e4 e5 3. Nc3 Bb4 4. Nd5 Bf8 5. Bb5 Nge7 6. d3 a6 7. Bc4 b5 8. Bb3
d6 9. Ne3 Na5 10. c3 Nac6 11. Ng5 Be6 12. Bxe6 fxe6 13. Nxe6 Qd7 14. Ng5 Ng8
15. Qb3 Na5 16. Qe6+ Qxe6 17. Nxe6 Kd7 18. Nd5 Rc8 19. Ng5 Nf6 20. b4 Nxd5 21.
exd5 Nb7 22. O-O h6 23. Ne4 Be7 24. f4 exf4 25. Rxf4 Rcf8 26. Rxf8 Rxf8 27. c4
Rf5 28. Ng3 Rf8 29. Ne2 Nd8 30. Bb2 Bf6 31. Rf1 Ke7 32. Bxf6+ Rxf6 33. cxb5
Rxf1+ 34. Kxf1 axb5 35. Nd4 Nf7 36. Nxb5 Kd7 37. a4 c6 38. dxc6+ Kxc6 39. Nd4+
1-0

[Event "10. Lovsprings EMT Basis 3 1998"]
[Site "Ringsted"]
[Date "1998.04.24"]
[Round "5"]
[White "Christensen, Michael"]
[Black "Hansen, Steen J"]
[Result "0-1"]
[WhiteElo "1189"]
[BlackElo "1288"]
[PlyCount "54"]
[EventDate "1998.??.??"]

1. e4 c5 2. Nf3 Nc6 3. d4 cxd4 4. Nxd4 Nf6 5. Nxc6 bxc6 6. Nc3 Qa5 7. Bd2 Qb4
8. e5 Ng8 9. b3 Qd4 10. Qe2 e6 11. Qe3 Qh4 12. Be2 Bb4 13. O-O Ne7 14. Bf3 Ba6
15. Rfd1 Nf5 16. Qe4 Bxc3 17. Bxc3 g5 18. Rxd7 Qxe4 19. Bxe4 Kxd7 20. Bxf5 exf5
21. e6+ fxe6 22. Rd1+ Ke7 23. Bxh8 Rxh8 24. c4 c5 25. Kf1 h5 26. Rc1 Rd8 27.
Ke2 Kf6 0-1

[Event "10. Lovsprings EMT Basis 3 1998"]
[Site "Ringsted"]
[Date "1998.04.24"]
[Round "5"]
[White "Dinesen, Henrik"]
[Black "Nielsen, Henrik"]
[Result "0-1"]
[WhiteElo "1117"]
[BlackElo "1166"]
[PlyCount "112"]
[EventDate "1998.??.??"]

1. d4 d5 2. Nf3 Nc6 3. Bf4 g6 4. Nbd2 Bg7 5. e3 a6 6. Bd3 Nf6 7. O-O Nh5 8. Bg3
Nxg3 9. fxg3 O-O 10. c3 Re8 11. e4 dxe4 12. Nxe4 f6 13. Qc2 Be6 14. Nc5 Qc8 15.
Rae1 Bf7 16. a3 Rb8 17. Re2 Kf8 18. Rfe1 Bd5 19. Ne6+ Bxe6 20. Rxe6 Nd8 21.
R6e4 b5 22. Rh4 Kg8 23. Qb3+ Kh8 24. Rhe4 Qd7 25. Qc2 Nf7 26. Rh4 f5 27. Ne5
Nxe5 28. dxe5 e6 29. Rd4 Qe7 30. g4 Rf8 31. gxf5 exf5 32. Qe2 Rbe8 33. Rd5 c6
34. Rd6 Rc8 35. Qf3 Bxe5 36. Rxc6 Rxc6 37. Qxc6 Bxh2+ 38. Kf1 Qd8 39. Rd1 Qd6
40. Qxd6 Bxd6 41. Bxb5 Bxa3 42. bxa3 axb5 43. Rb1 Rc8 44. Rxb5 Rxc3 45. a4 Ra3
46. a5 h6 47. Rb8+ Kg7 48. Rb7+ Kf6 49. Rb6+ Kg5 50. a6 Ra2 51. Kg1 h5 52. Kh2
h4 53. Kh3 Ra3+ 54. Kh2 Kh5 55. Rc6 g5 56. Rf6 f4 0-1

[Event "10. Lovsprings EMT Basis 3 1998"]
[Site "Ringsted"]
[Date "1998.04.24"]
[Round "5"]
[White "Hein, Jacob"]
[Black "Hansen, Arne Mandrup"]
[Result "1-0"]
[WhiteElo "1285"]
[BlackElo "1214"]
[PlyCount "175"]
[EventDate "1998.??.??"]

1. d4 Nf6 2. c4 e5 3. dxe5 Ng4 4. Nf3 Bc5 5. e3 Nc6 6. a3 a5 7. Nc3 O-O 8. Ne4
Qe7 9. Qd5 b6 10. Bd3 Ngxe5 11. Nfg5 Nxd3+ 12. Qxd3 f5 13. Qd5+ Kh8 14. Nxc5
bxc5 15. f4 Rb8 16. O-O Bb7 17. Qf3 h6 18. Qh5 Rf6 19. Rf3 Qe8 20. Qh4 Ne7 21.
Rh3 Kg8 22. Nf3 d6 23. Bd2 a4 24. Re1 Bxf3 25. Rxf3 Rg6 26. Bc3 Rg4 27. Qh3 Qg6
28. Re2 Re8 29. Rg3 Rxg3 30. hxg3 Qg4 31. Qxg4 fxg4 32. e4 Nc6 33. e5 dxe5 34.
fxe5 Nd4 35. Re4 h5 36. Kf2 Ne6 37. Re3 Rf8+ 38. Ke2 Rd8 39. Rd3 g6 40. Rd5 Kf7
41. Ke3 Ke7 42. Ke4 Rg8 43. Bd2 Rh8 44. Be3 g5 45. Kf5 Rf8+ 46. Kg6 h4 47.
Bxg5+ Nxg5 48. Kxg5 h3 49. gxh3 gxh3 50. Rd2 Rg8+ 51. Kf4 Ke6 52. Re2 Rf8+ 53.
Kg4 Rh8 54. Rh2 Kxe5 55. Rxh3 Rg8+ 56. Kf3 Rf8+ 57. Ke3 Rg8 58. Rh5+ Kf6 59.
Kf4 Rb8 60. Rxc5 Rxb2 61. Rc6+ Kg7 62. Rxc7+ Kg6 63. Ra7 Rf2+ 64. Kg4 Rc2 65.
Rxa4 Rc3 66. Kf4 Kf6 67. g4 Kg6 68. Ra6+ Kf7 69. Ra4 Kg6 70. Ra6+ Kf7 71. Rc6
Rxa3 72. g5 Kg7 73. Ke4 Rg3 74. Kf4 Rc3 75. c5 Rc2 76. Kf3 Rc3+ 77. Kg4 Rc2 78.
Kf3 Rc3+ 79. Ke4 Rc4+ 80. Kf5 Rc2 81. Rc7+ Kf8 82. c6 Rf2+ 83. Kg6 Ke8 84. Kg7
Kd8 85. Rd7+ Kc8 86. g6 Rc2 87. Rd6 Kc7 88. Rf6 1-0

[Event "10. Lovsprings EMT Basis 3 1998"]
[Site "Ringsted"]
[Date "1998.04.24"]
[Round "5"]
[White "Petersen, Jimmy"]
[Black "Andersen, Jorgen"]
[Result "1-0"]
[WhiteElo "1100"]
[BlackElo "1057"]
[PlyCount "69"]
[EventDate "1998.??.??"]

1. d4 e6 2. c4 d5 3. c5 Nc6 4. Nf3 Nf6 5. Nc3 Be7 6. Bf4 a6 7. h3 b6 8. cxb6
cxb6 9. e3 h6 10. Bd3 Bb4 11. O-O Bxc3 12. bxc3 b5 13. a4 b4 14. Qc2 bxc3 15.
Qxc3 Bb7 16. Rab1 Qa5 17. Qb3 Bc8 18. Rfc1 Bd7 19. Bc2 O-O 20. Bd1 Rfe8 21. Qd3
Ne4 22. Rb2 Nb4 23. Qa3 Rec8 24. Rxc8+ Rxc8 25. Rxb4 Nc3 26. Rb7 Bxa4 27. Bxa4
Nxa4 28. Rb1 Rc4 29. Ne5 Rc2 30. Qe7 Nb2 31. Qxf7+ Kh7 32. Qg6+ Kg8 33. Qxc2
Qa4 34. Rxb2 Qxc2 35. Rxc2 1-0

[Event "10. Lovsprings EMT Basis 3 1998"]
[Site "Ringsted"]
[Date "1998.04.24"]
[Round "5"]
[White "Reinager, Gunnar"]
[Black "Rytter, Morten"]
[Result "1/2-1/2"]
[WhiteElo "1283"]
[BlackElo "1267"]
[PlyCount "50"]
[EventDate "1998.??.??"]

1. e4 e5 2. Nf3 Nc6 3. b3 Bc5 4. d3 Nf6 5. Bb2 d6 6. Nbd2 Ng4 7. d4 exd4 8. h3
Nge5 9. Bb5 Bd7 10. Bxc6 Nxf3+ 11. Nxf3 Bxc6 12. Bxd4 Bxd4 13. Qxd4 O-O 14.
O-O-O Re8 15. Rde1 a5 16. Re3 a4 17. Rhe1 axb3 18. axb3 Ra5 19. Nd2 Qa8 20. h4
Qa7 21. Qxa7 Rxa7 22. Nb1 Raa8 23. Nc3 Re7 24. Kd2 b6 25. f3 Kf8 1/2-1/2

[Event "10. Lovsprings EMT Basis 3 1998"]
[Site "Ringsted"]
[Date "1998.04.24"]
[Round "5"]
[White "Vilsgaard, Lars"]
[Black "Karie, Abdullahi M"]
[Result "0-1"]
[WhiteElo "1136"]
[BlackElo "1093"]
[PlyCount "96"]
[EventDate "1998.??.??"]

1. e4 d6 2. Nf3 Bg4 3. Be2 Nf6 4. Nc3 e5 5. O-O Be7 6. Bb5+ c6 7. Bc4 O-O 8. d3
h6 9. h3 Bh5 10. Be3 Nbd7 11. Qd2 Bxf3 12. gxf3 Nh7 13. Bxh6 gxh6 14. Qxh6 Bg5
15. Qh5 Ndf6 16. Qg6+ Kh8 17. Qf5 Qd7 18. Qxd7 Nxd7 19. Kh1 Bf4 20. Rg1 Ng5 21.
Rg4 Nxf3 22. Ne2 Nf6 23. Rg2 Bh6 24. Rg3 Ng5 25. Rag1 Ne6 26. Rf3 Nh5 27. Rf5
Nhg7 28. Rf6 Kh7 29. h4 Rae8 30. Rg3 a5 31. Rgf3 Re7 32. Bxe6 Nxe6 33. R3f5 Bg7
34. Rh5+ Kg8 35. Rf3 Rc7 36. Rg3 f6 37. Rh6 d5 38. Rhg6 Kh7 39. exd5 cxd5 40.
c3 Re7 41. h5 Ng5 42. f4 exf4 43. Nxf4 Re1+ 44. Kh2 Rf1 45. Nxd5 Rf3 46. Rg2
Rh3+ 47. Kg1 Rxh5 48. Nxf6+ Bxf6 0-1

[Event "10. Lovsprings EMT Basis 3 1998"]
[Site "Ringsted"]
[Date "1998.05.15"]
[Round "6"]
[White "Christensen, Knud"]
[Black "Astrup, Knud"]
[Result "1-0"]
[WhiteElo "1285"]
[BlackElo "1243"]
[PlyCount "93"]
[EventDate "1998.??.??"]

1. Nf3 e6 2. d4 d5 3. e3 Bd7 4. c4 Nf6 5. c5 a6 6. b4 Bb5 7. Bxb5+ axb5 8. Nc3
c6 9. O-O Nbd7 10. Bb2 b6 11. a4 bxa4 12. Rxa4 Be7 13. Rxa8 Qxa8 14. Qa4 Qxa4
15. Nxa4 b5 16. Nc3 O-O 17. Ra1 Re8 18. Ra7 Bf8 19. Rc7 Nb8 20. Rb7 Rc8 21. Ne5
Na6 22. Na2 Nb8 23. Nxf7 Ne8 24. Ng5 Nc7 25. Nf3 Be7 26. Ne5 Bf6 27. Ng4 Ne8
28. Nc1 Na6 29. Nd3 Rc7 30. Rb6 Ra7 31. Rxc6 Nec7 32. Bc3 Kf8 33. Nxf6 gxf6 34.
Nf4 Nxb4 35. Nxe6+ Nxe6 36. Rxe6 Kf7 37. Rb6 Na6 38. Rxb5 Nc7 39. Ra5 Rb7 40.
Kf1 Ke6 41. h4 h5 42. f3 f5 43. Kf2 Rb3 44. Be1 Rb8 45. Ra7 Kd7 46. Ba5 Rc8 47.
Kg3 1-0

[Event "10. Lovsprings EMT Basis 3 1998"]
[Site "Ringsted"]
[Date "1998.05.15"]
[Round "6"]
[White "Hansen, Arne Mandrup"]
[Black "Andersen, Jorgen"]
[Result "0-1"]
[WhiteElo "1214"]
[BlackElo "1057"]
[PlyCount "51"]
[EventDate "1998.??.??"]

1. d4 Nf6 2. Bf4 d5 3. e3 e6 4. Nd2 a6 5. Bd3 Nc6 6. c3 Bd6 7. Bxd6 Qxd6 8. f4
Ne7 9. Ngf3 Bd7 10. O-O c5 11. Ne5 cxd4 12. exd4 Nf5 13. Qe1 O-O 14. g4 Ne7 15.
g5 Nh5 16. Be2 g6 17. Bxh5 gxh5 18. Qh4 Be8 19. Kh1 Nf5 20. Qf2 f6 21. gxf6
Rxf6 22. Rg1+ Bg6 23. Rg5 Raf8 24. Rag1 Ng7 25. Nxg6 hxg6 26. Rxh5 0-1

[Event "10. Lovsprings EMT Basis 3 1998"]
[Site "Ringsted"]
[Date "1998.05.15"]
[Round "6"]
[White "Hansen, Steen J"]
[Black "Petersen, Jimmy"]
[Result "0-1"]
[WhiteElo "1288"]
[BlackElo "1100"]
[PlyCount "70"]
[EventDate "1998.??.??"]

1. e4 c5 2. Nf3 Nc6 3. Nc3 d6 4. Bc4 Nf6 5. h3 h6 6. d4 cxd4 7. Nxd4 Bd7 8. Be3
Nxd4 9. Qxd4 e5 10. Qd3 a6 11. a4 Be7 12. a5 O-O 13. O-O Qc8 14. Bb6 Qc6 15.
Rfe1 Be6 16. Ba2 Bxa2 17. Rxa2 Rac8 18. Ra4 Rfe8 19. Re3 Qd7 20. f4 exf4 21.
Rf3 g5 22. Bd4 d5 23. Bxf6 Bxf6 24. Nxd5 Kg7 25. Rb4 Qc6 26. Rb6 Qc5+ 27. Kh1
Bd8 28. Rxb7 Qxa5 29. Qd4+ Kg8 30. Ra3 Qe1+ 31. Qg1 Qxe4 32. Rd3 Rxc2 33. Rd1
f3 34. Rxf7 fxg2+ 35. Qxg2 Qxg2# 0-1

[Event "10. Lovsprings EMT Basis 3 1998"]
[Site "Ringsted"]
[Date "1998.05.15"]
[Round "6"]
[White "Karie, Abdullahi M"]
[Black "Rytter, Morten"]
[Result "1/2-1/2"]
[WhiteElo "1093"]
[BlackElo "1267"]
[PlyCount "48"]
[EventDate "1998.??.??"]

1. d4 d5 2. Bf4 Bf5 3. e3 Nf6 4. Nf3 e6 5. Be2 Be7 6. O-O c5 7. c4 cxd4 8. Nxd4
Bxb1 9. Rxb1 O-O 10. Rc1 Nbd7 11. Nf3 Rc8 12. a3 dxc4 13. Bxc4 Nb6 14. Qb3 Nxc4
15. Rxc4 Rxc4 16. Qxc4 Qb6 17. Be5 Qc5 18. Qb3 b6 19. Bd4 Qc7 20. Rd1 Rc8 21.
g3 h6 22. Bc3 Rd8 23. Bd4 Rc8 24. Qa4 Qc2 1/2-1/2

[Event "10. Lovsprings EMT Basis 3 1998"]
[Site "Ringsted"]
[Date "1998.05.15"]
[Round "6"]
[White "Nielsen, Henrik"]
[Black "Hein, Jacob"]
[Result "1-0"]
[WhiteElo "1166"]
[BlackElo "1285"]
[PlyCount "95"]
[EventDate "1998.??.??"]

1. e4 e5 2. Nf3 Nc6 3. Nc3 Bc5 4. a3 a5 5. d3 Nge7 6. g3 O-O 7. Bg2 d6 8. O-O
Bg4 9. Qe1 Qd7 10. Be3 f5 11. exf5 Nxf5 12. Bxc5 dxc5 13. Nxe5 Nxe5 14. Qxe5
Rae8 15. Qxc5 b6 16. Qc4+ Kh8 17. Qxg4 Re6 18. Rae1 Rg6 19. Qe4 Qd4 20. Qxd4
Nxd4 21. Re7 c5 22. Be4 Rgf6 23. Nd5 R6f7 24. Rxf7 Rxf7 25. c3 Nf3+ 26. Bxf3
Rxf3 27. Rd1 b5 28. d4 cxd4 29. cxd4 Rf5 30. Nc7 b4 31. axb4 axb4 32. d5 Rf7
33. d6 Rd7 34. Rd2 Kg8 35. Na6 b3 36. Nc5 Rd8 37. Nxb3 Kf7 38. Nc5 g6 39. d7
Ke7 40. b4 Rb8 41. b5 Kd8 42. Re2 Rxb5 43. Re8+ Kc7 44. d8=Q+ Kc6 45. Qc8+ Kd5
46. Rd8+ Ke5 47. Qc7+ Kf6 48. Qc6+ 1-0

[Event "10. Lovsprings EMT Basis 3 1998"]
[Site "Ringsted"]
[Date "1998.05.15"]
[Round "6"]
[White "Nielsen, Poul"]
[Black "Nielsen, Henning"]
[Result "1-0"]
[WhiteElo "1175"]
[BlackElo "1100"]
[PlyCount "117"]
[EventDate "1998.??.??"]

1. d4 d5 2. Nc3 Nf6 3. Bf4 a6 4. g3 Bf5 5. Bg2 e6 6. a3 h6 7. Nf3 Nc6 8. O-O
Bd6 9. Bd2 Ne4 10. Nxe4 Bxe4 11. e3 Qf6 12. Ne1 Bxg2 13. Nxg2 b6 14. Qe2 O-O
15. c4 Nxd4 16. exd4 Qxd4 17. Bc3 Qxc4 18. Qxc4 dxc4 19. Rfe1 Rfe8 20. a4 a5
21. Ne3 Bb4 22. Bxb4 axb4 23. Nxc4 Red8 24. Ne5 Rd6 25. b3 Kf8 26. Re4 f6 27.
Nc4 Rd3 28. Rb1 e5 29. Re3 Rd4 30. Rc1 Kf7 31. Rce1 Rad8 32. Re4 Rd1 33. Kf1
R8d3 34. R4e3 Rxe1+ 35. Kxe1 Rd4 36. Ke2 Ke6 37. Kf3 Kd5 38. Ke2 Kc5 39. f3 c6
40. Rd3 b5 41. axb5 cxb5 42. Ne3 g6 43. Nc2 f5 44. Nxd4 exd4 45. f4 Kd5 46. Kf3
g5 47. g4 fxg4+ 48. Kxg4 Ke4 49. Rf3 d3 50. fxg5 hxg5 51. Rf1 Ke3 52. Kxg5 d2
53. h4 Kd3 54. h5 Kc3 55. h6 Kxb3 56. h7 Kc2 57. h8=Q d1=Q 58. Rxd1 Kxd1 59.
Qb2 1-0

[Event "10. Lovsprings EMT Basis 3 1998"]
[Site "Ringsted"]
[Date "1998.05.15"]
[Round "6"]
[White "Vilsgaard, Lars"]
[Black "Reinager, Gunnar"]
[Result "0-1"]
[WhiteElo "1136"]
[BlackElo "1283"]
[PlyCount "64"]
[EventDate "1998.??.??"]

1. e4 e5 2. Nf3 Nc6 3. Bc4 Be7 4. d3 Nf6 5. O-O d6 6. h3 b6 7. Nc3 Bb7 8. a3
Qd7 9. Ng5 Nd8 10. Be3 h6 11. Nf3 Ne6 12. Qe2 a6 13. Rad1 c5 14. Rfe1 b5 15.
Ba2 Rc8 16. Bxe6 Qxe6 17. Nd2 O-O 18. Rb1 Rc7 19. Rec1 Re8 20. Nd1 d5 21. f3
Nh5 22. Kh2 d4 23. Bf2 Nf4 24. Qf1 Bg5 25. Bg3 Nxh3 26. Qe1 Nf4 27. Nf2 Nh5 28.
Ng4 Nxg3 29. Kxg3 h5 30. Nf2 Bf4+ 31. Kh4 g5+ 32. Kxh5 Kg7 0-1

[Event "10. Lovsprings EMT Basis 3 1998"]
[Site "Ringsted"]
[Date "1998.05.15"]
[Round "6"]
[White "Vintersfjord, Inette"]
[Black "Christensen, Michael"]
[Result "0-1"]
[WhiteElo "1042"]
[BlackElo "1189"]
[PlyCount "66"]
[EventDate "1998.??.??"]

1. e4 c5 2. Bc4 e6 3. d3 d5 4. Bb5+ Bd7 5. Bxd7+ Nxd7 6. f3 Bd6 7. Ne2 Qc7 8.
g3 O-O-O 9. Bf4 Ne5 10. Nbc3 Nxf3+ 11. Kf1 Bxf4 12. Nxf4 dxe4 13. Nxe4 Nd4 14.
c3 Nf5 15. b3 Ne3+ 16. Ke2 Nxd1 17. Raxd1 Ne7 18. c4 e5 19. a3 exf4 20. gxf4
Qxf4 21. Rdf1 Qe5 22. Rxf7 Qh5+ 23. Kd2 Qxf7 24. Nxc5 Qf2+ 25. Kc3 Qxc5 26. b4
Qc6 27. Re1 Rhe8 28. b5 Qf6+ 29. Kc2 Qf2+ 30. Kd1 Rxd3+ 31. Kc1 Qxe1+ 32. Kc2
Qe2+ 33. Kc1 Rd1# 0-1

[Event "10. Lovsprings EMT Basis 3 1998"]
[Site "Ringsted"]
[Date "1998.05.29"]
[Round "7"]
[White "Abdi, Farhad"]
[Black "Christensen, Michael"]
[Result "0-1"]
[WhiteElo "1006"]
[BlackElo "1189"]
[PlyCount "85"]
[EventDate "1998.??.??"]

1. e4 d5 2. e5 Nc6 3. Nf3 Bg4 4. d4 Bxf3 5. gxf3 e6 6. Bb5 Nge7 7. Bg5 Qd7 8.
Qd2 a6 9. Bxc6 Qxc6 10. Qc3 Qb6 11. Nd2 Nf5 12. Be3 Nh4 13. O-O Be7 14. a3 f6
15. f4 O-O-O 16. Kh1 h6 17. Rg1 Rhg8 18. Rg4 Nf5 19. Nf1 fxe5 20. fxe5 Rdf8 21.
b4 Qb5 22. Re1 Qe8 23. Ng3 Nxg3+ 24. Rxg3 Bh4 25. Rg2 Rf3 26. Qd2 Rgf8 27. Rf1
Qb5 28. Qd1 Rxe3 29. Rxg7 Rxa3 30. Rfg1 Qe8 31. Qg4 Bxf2 32. Rf1 Raf3 33. Kg2
R3f4 34. Qg6 Qxg6+ 35. Rxg6 Bxd4 36. Rxf4 Rxf4 37. Rxh6 Bxe5 38. Rxe6 Bc3 39.
Kg3 Rxb4 40. h4 Rb6 41. Re2 a5 42. h5 a4 43. h6 0-1

[Event "10. Lovsprings EMT Basis 3 1998"]
[Site "Ringsted"]
[Date "1998.05.29"]
[Round "7"]
[White "Dinesen, Henrik"]
[Black "Christensen, Knud"]
[Result "1-0"]
[WhiteElo "1117"]
[BlackElo "1285"]
[PlyCount "63"]
[EventDate "1998.??.??"]

1. d4 d5 2. Nf3 Nf6 3. Bf4 e6 4. Nbd2 Nc6 5. e3 Be7 6. c4 O-O 7. a3 a5 8. Bd3
b6 9. Qc2 g6 10. h4 Nh5 11. Bh6 Re8 12. g4 Ng7 13. O-O-O f5 14. Rdg1 Kf7 15. h5
g5 16. Bxg7 Kxg7 17. gxf5 h6 18. fxe6 Bxe6 19. Bh7 Bf7 20. Bg6 Qd6 21. Bxf7
Kxf7 22. cxd5 Nxd4 23. Nxd4 Qc5 24. Qxc5 Bxc5 25. Nf5 Bf8 26. e4 a4 27. Rh3 Ra5
28. Rc3 Ra7 29. Rc6 Re5 30. Nxh6+ Bxh6 31. Rxh6 Ra8 32. Rh7+ 1-0